Normal view
MARC view
- Zafar Azeem
Entry Personal Name
001 - CONTROL NUMBER
- control field: 28470
003 - CONTROL NUMBER IDENTIFIER
- control field: NUST
005 - DATE AND TIME OF LATEST TRANSACTION
- control field: 20200214112043.0
008 - FIXED-LENGTH DATA ELEMENTS
- fixed length control field: 200214|| aca||aabn | a|a d
040 ## - CATALOGING SOURCE
- Original cataloging agency: NUST
- Transcribing agency: NUST
100 ## - HEADING--PERSONAL NAME
- Personal name: Zafar Azeem
670 ## - SOURCE DATA FOUND
- Source citation: Work cat.: (NUST): Zafar Azeem, Prem Geet Ki Bikhri Hoi Khushbu, c2010
